000 00285nam a2200109 a 4500
005 20200930073721.0
008 111004s2008 000 spa d
020 _a9789993557012
245 0 _aCours de sciences sociales illustré.
260 _aPort-au-prince,
_c2008.
999 _c33960
_d33960
040 _aDO-SdBNP